<?xml version="1.0" encoding="UTF-8"?><?xml-stylesheet type="text/xsl" href="static/style.xsl"?><OAI-PMH xmlns="http://www.openarchives.org/OAI/2.0/" xmlns:xsi="http://www.w3.org/2001/XMLSchema-instance" xsi:schemaLocation="http://www.openarchives.org/OAI/2.0/ http://www.openarchives.org/OAI/2.0/OAI-PMH.xsd"><responseDate>2026-04-14T04:39:21Z</responseDate><request verb="GetRecord" identifier="oai:www.recercat.cat:10230/54612" metadataPrefix="marc">https://recercat.cat/oai/request</request><GetRecord><record><header><identifier>oai:recercat.cat:10230/54612</identifier><datestamp>2025-12-19T20:29:51Z</datestamp><setSpec>com_2072_6</setSpec><setSpec>col_2072_452954</setSpec></header><metadata><record xmlns="http://www.loc.gov/MARC21/slim" xmlns:dcterms="http://purl.org/dc/terms/" xmlns:xsi="http://www.w3.org/2001/XMLSchema-instance" xmlns:doc="http://www.lyncode.com/xoai" xsi:schemaLocation="http://www.loc.gov/MARC21/slim http://www.loc.gov/standards/marcxml/schema/MARC21slim.xsd">
   <leader>00925njm 22002777a 4500</leader>
   <datafield ind2=" " ind1=" " tag="042">
      <subfield code="a">dc</subfield>
   </datafield>
   <datafield ind2=" " ind1=" " tag="720">
      <subfield code="a">Romero Hernández, Joel</subfield>
      <subfield code="e">author</subfield>
   </datafield>
   <datafield ind2=" " ind1=" " tag="260">
      <subfield code="c">2022-10-26T15:33:43Z</subfield>
   </datafield>
   <datafield ind2=" " ind1=" " tag="260">
      <subfield code="c">2022-10-26T15:33:43Z</subfield>
   </datafield>
   <datafield ind2=" " ind1=" " tag="260">
      <subfield code="c">2022</subfield>
   </datafield>
   <datafield ind2=" " ind1=" " tag="520">
      <subfield code="a">Tutors: Óscar Cámara Rey, Ricard Solé Vicente</subfield>
   </datafield>
   <datafield ind2=" " ind1=" " tag="520">
      <subfield code="a">Treball de fi de grau en Biomèdica</subfield>
   </datafield>
   <datafield ind2=" " ind1=" " tag="520">
      <subfield code="a">Complex diseases like cancer are one of the most serious sources of suffering and death.&#xd;
Their multifactorial nature and multiscale effects compromise the patient’s health and&#xd;
life, so there is a need for new tools for clinicians to navigate through the intricate search&#xd;
space associated with their treatment. In this context, the present project focuses on&#xd;
the creation of a computational platform to optimise the treatment of complex diseases&#xd;
using AI and simulations. Specifically, the system is applied to study the combination&#xd;
&#xd;
of chemotherapy, radiotherapy and immunotherapy in 4 real patients: 3 cases of non-&#xd;
small cell lung cancer (2 adenocarcinomas and 1 squamous cell carcinoma), and 1 case of&#xd;
&#xd;
small cell lung cancer. The prototype takes as input biomedical images directly from the&#xd;
&#xd;
hospital equipment and converts them into a 3D tissue-labelled point cloud that approx-&#xd;
imates the state of the disease at the beginning and the end of the treatment. Then, it&#xd;
&#xd;
takes quasi-natural language instructions to generate customisable dynamic models of the&#xd;
&#xd;
patient’s disease and treatment, combining methods like cellular automata and diffusion-&#xd;
reaction. These models can be visualised and used to run controlled simulations with the&#xd;
&#xd;
prototype’s graphic interface. Furthermore, the system can automatically parameterise&#xd;
them to replicate the behaviour of the disease and treatment using a genetic algorithm.&#xd;
&#xd;
Finally, the platform can also take instructions to generate customisable Deep Reinforce-&#xd;
ment Learning agents that interact with the patient-specific simulations to search for&#xd;
&#xd;
policies that improve their outcomes, so that this knowledge can be used to help future&#xd;
patients.</subfield>
   </datafield>
   <datafield tag="653" ind2=" " ind1=" ">
      <subfield code="a">Complex diseases</subfield>
   </datafield>
   <datafield tag="653" ind2=" " ind1=" ">
      <subfield code="a">Computational physiology,</subfield>
   </datafield>
   <datafield tag="653" ind2=" " ind1=" ">
      <subfield code="a">Deep learning</subfield>
   </datafield>
   <datafield tag="653" ind2=" " ind1=" ">
      <subfield code="a">Reinforcement learning in healthcare</subfield>
   </datafield>
   <datafield tag="653" ind2=" " ind1=" ">
      <subfield code="a">Lung cancer</subfield>
   </datafield>
   <datafield ind2="0" ind1="0" tag="245">
      <subfield code="a">VProject: creating an AI and simulation system for the study of complex diseases and applying it to lung cancer</subfield>
   </datafield>
</record></metadata></record></GetRecord></OAI-PMH>